| 000 | 00636cam a22002411 4500 | ||
|---|---|---|---|
| 001 | 7976487 | ||
| 003 | NUST - PNEC | ||
| 005 | 20170116181115.0 | ||
| 008 | 800319s1962 enk 000 0 eng | ||
| 010 | _a 63003321 | ||
| 015 | _aGB62-15687 | ||
| 035 | _a(OCoLC)6103028 | ||
| 040 |
_aDLC _cLIBRARY _dUk _dDLC |
||
| 042 | _apremarc | ||
| 082 | _a954.9 SPA | ||
| 100 | 1 |
_aSpain, James W. _q(James William) |
|
| 245 | 1 | 4 | _aThe way of the Pathans. |
| 260 |
_aLondon, _bR. Hale _c[1962] |
||
| 300 |
_a190 p. _billus., map. _c23 cm. |
||
| 650 | 0 | _aPushtuns. | |
| 906 |
_a7 _bcbc _coclcrpl _du _encip _f19 _gy-gencatlg |
||
| 942 |
_2ddc _cBK |
||
| 999 |
_c69285 _d69285 |
||